Statistics for borders country

Click here to take the quiz!

General Stats

  • This quiz has been taken 12 times
  • The average score is 34 of 45

Answer Stats

QuestionTileSelect% Correct
which country border chinabhutanYes
100%
which country border brazilargentinaYes
91%
which country border brazilboliviaYes
91%
which country border brazilchileNo
91%
which country border germanydenmarkYes
91%
which country border uzbekistaniraqNo
91%
which country border uzbekistankazakhstanYes
91%
which country border germanymonacoNo
91%
which country border chinamongoliaYes
91%
which country border chinapolandNo
91%
which country border uzbekistanturkmenistanYes
91%
which country border uzbekistanchinaNo
82%
which country border brazilcolombiaYes
82%
which country border germanyczech republicYes
82%
final country possible find the flag most border and textdrcNo
82%
which country border germanyfranceYes
82%
which country border chinaindiaYes
82%
which country border germanynetherlandsYes
82%
which country border brazilparaguayYes
82%
which country border brazilperuYes
82%
which country border germanypolandYes
82%
which country border chinarussiaYes
82%
which country border germanyswedenNo
82%
which country border uzbekistantajikistanYes
82%
which country border chinavietnamYes
82%
which country border brazilecuadorNo
73%
which country border uzbekistaniranNo
73%
which country border germanyluxembourgYes
73%
which country border chinamyanmarYes
73%
final country possible find the flag most border and textnoneNo
73%
final country possible find the flag most border and textnoneNo
73%
which country border braziluruguayYes
73%
final country possible find the flag most border and textNo
64%
final country possible find the flag most border and textYes
64%
which country border uzbekistanafghanistanYes
64%
final country possible find the flag most border and textalso noneNo
64%
final country possible find the flag most border and textbrazilNo
64%
which country border brazilfranceYes
64%
which country border uzbekistankyrgyzstanYes
64%
which country border chinalaosYes
64%
which country border uzbekistanpakistanNo
55%
final country possible find the flag most border and textrussiaYes
55%
final country possible find the flag most border and textYes
45%
which country border germanyliechtensteinNo
45%
which country border chinasouth koreaYes
18%

Score Distribution

Percentile by Number Answered

Percent of People with Each Score

Your Score History

You have not taken this quiz